| 000 | 00416nam a22001697a 4500 | ||
|---|---|---|---|
| 003 | MACL | ||
| 005 | 20160802153139.0 | ||
| 008 | 160802b xxu||||| |||| 00| 0 eng d | ||
| 040 | _cMACL | ||
| 041 | _aEnglish | ||
| 082 | _a741.642 DIW | ||
| 100 |
_aDiwakar, R.R. _965985 |
||
| 245 |
_aGlimpses Of Gandhiji _cR. R. Diwakar |
||
| 260 |
_aKolkata _bAPD Books _c2011 |
||
| 650 |
_aChlidren _964490 |
||
| 942 |
_2ddc _cBK |
||
| 999 |
_c55462 _d55462 |
||